| 000 | 02171nam a22002057a 4500 | ||
|---|---|---|---|
| 001 | 6724 | ||
| 003 | FISKH | ||
| 005 | 20250522154009.0 | ||
| 008 | 250522b cb ||||| |||| 00| 0 eng d | ||
| 040 |
_aFISKH _bkhr _cFISKH _dFISKH |
||
| 082 | _a400 | ||
| 100 | _aPiseth, Chey | ||
| 245 |
_aពាក្យពហុន័យ / _cរៀបរៀងដោយ ជ័យ ពិសិដ្ឋ |
||
| 260 |
_aភ្នំពេញ : _bប៉ៃ ណែត , _c2012. |
||
| 300 |
_a361 pages : _billustrations ; _c21 cm . |
||
| 520 | _aសៀវភៅ ពាក្យពហុន័យ ដែលរៀបរៀងដោយលោក ជ័យ ពិសិដ្ឋ គឺជាឯកសារដែលផ្តល់ការពិពណ៌នាអំពីពាក្យដែលមានន័យច្រើនក្នុងភាសាខ្មែរ។ វាជួយបង្ហាញពីការប្រើប្រាស់ពាក្យក្នុងបរិបទផ្សេងៗ និងការបកស្រាយន័យផ្សេងៗរបស់ពាក្យមួយៗ។ សៀវភៅនេះមានគោលបំណងជួយសិស្សានុសិស្ស និងអ្នកសិក្សាភាសាខ្មែរយល់ដឹងពីពាក្យដែលមានន័យច្រើន និងការប្រើប្រាស់ក្នុងបរិបទផ្សេងៗ។ វាជាឧបករណ៍សំខាន់សម្រាប់ការសិក្សា និងការបង្រៀនភាសាខ្មែរ | ||
| 520 | _aThe book "Polysemous Words", compiled by Mr. Chey Piseth, is a resource that provides explanations of words with multiple meanings in the Khmer language. It helps illustrate how these words are used in different contexts and interprets their various meanings. The purpose of this book is to assist students and learners of the Khmer language in understanding polysemous words and their usage across different contexts. It is an important tool for both learning and teaching the Khmer language. | ||
| 942 |
_2ddc _cKHB _n0 |
||
| 999 |
_c6724 _d6724 |
||